| 000 | 00479nam a22001697a 4500 | ||
|---|---|---|---|
| 003 | SGT | ||
| 020 | _a9780443103995 | ||
| 082 |
_a615.8 _bW08P |
||
| 100 | _aPERRIN, TESSA | ||
| 245 | _aWELLBING IN DEMENTIA: AN OCCUPATIONAL APPROACH FOR THERAPISTS AND CARERS | ||
| 250 | _a2ND | ||
| 260 |
_aEDINBURGH _bELSEVIER PUB _c2008 |
||
| 300 | _a166 | ||
| 650 | _aPHYSIOTHERAPY | ||
| 653 | _aWELLBING IN DEMENTIA: AN OCCUPATIONAL APPROACH FOR THERAPISTS AND CARERS | ||
| 942 |
_2ddc _cBK |
||
| 999 |
_c23559 _d23559 |
||